Malaysia : state and civil society in transition

Bibliographic Details
Main Author: VERMA 1961-
Format: Book
Published: Petaling Jaya, Selangor : Strategic Information Research Development , 2002
Subjects:

MARC

LEADER 00000cam a2200000 7i4500
001 0000003033
005 20040405.0
020 0 0 |a 9832535247 
090 0 0 |a 320.95950905   |b VER 2002 
100 1 0 |a VERMA   |h VIdhu   |c 1961- 
245 1 0 |a Malaysia :   |b state and civil society in transition   |c Vidhu Verma 
260 0 0 |a Petaling Jaya, Selangor :   |b Strategic Information Research Development ,   |c 2002 
300 |a x, 253 p. ;   |c 24 cm. 
500 0 0 |a Includes bibliographical references (223-244) and index 
650 0 0 |a Civil society   |z Malaysia 
650 0 0 |a Democratization   |z Malaysia 
650 0 0 |a Islam   |z Malaysia 
651 0 0 |a Malaysia   |x Politics and government 
998 |a JPSM 
999 |a 0000005357   |b Monograph   |c Open Shelf   |e Default branch